| 000 | 00584nam a22002057a 4500 | ||
|---|---|---|---|
| 003 | OSt | ||
| 005 | 20180418185501.0 | ||
| 008 | 180418b xxu||||| |||| 00| 0 eng d | ||
| 020 | _a9781451192360 | ||
| 040 | _cDNLM | ||
| 082 | _aWY159 B673p 2016 | ||
| 100 |
_aBowden, Vicky R.; Greenberg, Cindy Smith _912598 |
||
| 245 | _aPediatric Nursing Procedures | ||
| 250 | _a4th ed. | ||
| 260 | _aPhiladelphia; Wolters Kluwer, 2016 | ||
| 300 | _axvi,826p;col.ill: 28cm | ||
| 504 | _aBibliography, appendices, & index included | ||
| 650 |
_aPediatric Nursing _912599 |
||
| 942 |
_2z _cB_BANK |
||
| 999 |
_c6083 _d6083 |
||